000 00431nam a2200193Ia 4500
005 20240823034924.0
008 240823s9999||||xx |||||||||||||| ||und||
020 _a978-93-5029-382-9
041 _aENGLISH
082 _A823.92 Q2
100 _aPramesh Ratnakar
245 0 _aCenturion
250 _a1st
260 _c2012
_bThe India Today
500 _aYES
650 _aNovel
_bEnglish
942 _cBK
999 _c199452
_d199452